[Event "San Sebastian op 17th"]
[Site "San Sebastian"]
[Date "2007.09.27"]
[Round "7"]
[White "Salcedo, Marc"]
[Black "Mirzoev, Azer"]
[Result "0-1"]
[WhiteElo "2008"]
[BlackElo "2551"]
[PlyCount "38"]
[EventDate "2007.09.21"]
[EventType "swiss"]
[EventRounds "9"]
[EventCountry "ESP"]
[SourceTitle "CBM 120 Extra"]
[Source "ChessBase"]
[SourceDate "2007.11.01"]
[SourceVersion "1"]
[SourceVersionDate "2007.11.01"]
[SourceQuality "1"]

1. e4 c5 2. c3 Nf6 3. e5 Nd5 4. d4 cxd4 5. Nf3 Nc6 6. Bc4 Nb6 7. Bb3 g6 8. Ng5 d5 9. exd6 e6 10. Qf3 Ne5 11. Qe2 Bg7 12. cxd4 Nc6 13. d5 Nd4 14. Qe3 e5 15. Nc3 0-0 16. 0-0 Qxd6 17. Nge4 Qd8 18. Rd1 a5 19. Nd2 a4 0-1

[Event "San Sebastian op 17th"]
[Site "San Sebastian"]
[Date "2007.09.26"]
[Round "6"]
[White "Andres Gonzalez, Ivan"]
[Black "Salcedo, Marc"]
[Result "1-0"]
[WhiteElo "2392"]
[BlackElo "2008"]
[PlyCount "73"]
[EventDate "2007.09.21"]
[EventType "swiss"]
[EventRounds "9"]
[EventCountry "ESP"]
[SourceTitle "CBM 120 Extra"]
[Source "ChessBase"]
[SourceDate "2007.11.01"]
[SourceVersion "1"]
[SourceVersionDate "2007.11.01"]
[SourceQuality "1"]

1. Nf3 Nf6 2. c4 g6 3. Nc3 d5 4. cxd5 Nxd5 5. Qa4+ Nc6 6. Ne5 Nxc3 7. dxc3 Qd5 8. Nxc6 bxc6 9. Bf4 Bg7 10. Rd1 Qe6 11. Bxc7 0-0 12. e3 Kh8 13. Be2 a5 14. 0-0 Ba6 15. Bxa6 Rxa6 16. Rd2 Ra7 17. Bb6 Rb7 18. Qxa5 h5 19. Bd4 Rb5 20. Qc7 Rc8 21. Qa7 Rcb8 22. b4 R8b7 23. Qa8+ Rb8 24. Qa7 R8b7 25. Bxg7+ Kxg7 26. Qd4+ f6 27. e4 h4 28. f4 h3 29. a4 hxg2 30. Rxg2 Rh5 31. f5 Qb3 32. Rxg6+ Kf7 33. Qd8 Rg5+ 34. Rxg5 fxg5 35. Qh8 Rxb4 36. Qh5+ Kf8 37. cxb4 1-0

[Event "San Sebastian op 17th"]
[Site "San Sebastian"]
[Date "2007.09.23"]
[Round "3"]
[White "Salcedo, Marc"]
[Black "Paunovic, Dragan"]
[Result "0-1"]
[WhiteElo "2008"]
[BlackElo "2531"]
[PlyCount "68"]
[EventDate "2007.09.21"]
[EventType "swiss"]
[EventRounds "9"]
[EventCountry "ESP"]
[SourceTitle "CBM 120 Extra"]
[Source "ChessBase"]
[SourceDate "2007.11.01"]
[SourceVersion "1"]
[SourceVersionDate "2007.11.01"]
[SourceQuality "1"]

1. e4 d6 2. d4 Nf6 3. Nc3 e5 4. dxe5 dxe5 5. Qxd8+ Kxd8 6. Bc4 Ke8 7. Nf3 Bd6 8. Be3 Nbd7 9. 0-0-0 a6 10. Ng5 Rf8 11. f3 h6 12. Nh3 b5 13. Bd5 Nxd5 14. Nxd5 Bb7 15. g4 Rd8 16. g5 hxg5 17. Nxg5 Rh8 18. h4 Nf8 19. f4 exf4 20. Nxf4 Rd7 21. Nd5 Bxd5 22. exd5 Re7 23. Bd4 f6 24. Nf3 Rh5 25. Bg1 Ng6 26. Bh2 Nf4 27. Bxf4 Bxf4+ 28. Kb1 Rd7 29. Rhg1 Rhxd5 30. Rxd5 Rxd5 31. c3 Kf7 32. Rg4 Bd6 33. Kc2 Rf5 34. Nd4 Rf2+ 0-1

[Event "San Sebastian op 17th"]
[Site "San Sebastian"]
[Date "2007.09.22"]
[Round "2"]
[White "Burgana Lardizabal, Jose Angel"]
[Black "Salcedo, Marc"]
[Result "0-1"]
[WhiteElo "1726"]
[BlackElo "2008"]
[PlyCount "88"]
[EventDate "2007.09.21"]
[EventType "swiss"]
[EventRounds "9"]
[EventCountry "ESP"]
[SourceTitle "CBM 120 Extra"]
[Source "ChessBase"]
[SourceDate "2007.11.01"]
[SourceVersion "1"]
[SourceVersionDate "2007.11.01"]
[SourceQuality "1"]

1. d4 d5 2. c4 Nf6 3. Nc3 g6 4. cxd5 Nxd5 5. Bd2 Bg7 6. e4 Nb6 7. Be3 0-0 8. Nf3 Bg4 9. Be2 Nc6 10. d5 Bxf3 11. gxf3 Na5 12. Bd4 Qd6 13. Bxg7 Kxg7 14. b3 Qb4 15. Qc2 e6 16. dxe6 fxe6 17. Kf1 Nc6 18. Nb5 Qe7 19. Qb2+ e5 20. Rd1 a6 21. Na3 Nd4 22. Rd3 Rad8 23. Re3 Rf4 24. Rg1 Rdf8 25. Rg3 h5 26. Nc2 c5 27. Nxd4 cxd4 28. Rd3 Nd7 29. b4 Qf6 30. Qc1 h4 31. Rg2 Nb6 32. Qc7+ Rf7 33. Qc2 Qd6 34. Qb3 Rc7 35. Rg4 Rxg4 36. fxg4 Qc6 37. Bf3 Na4 38. Kg2 Nc3 39. Kh3 Qf6 40. Kg2 Rf7 41. Qc2 Qf4 42. h3 Nxe4 43. Qe2 Nc3 44. Qd2 e4 0-1

[Event "San Sebastian op 29th"]
[Site "San Sebastian"]
[Date "2005.10.02"]
[Round "7"]
[White "Salcedo, Marc"]
[Black "Alvarez Ponga, Hugo"]
[Result "0-1"]
[WhiteElo "2026"]
[BlackElo "2133"]
[PlyCount "77"]
[EventDate "2005.09.26"]
[EventType "swiss"]
[EventRounds "7"]
[EventCountry "ESP"]
[SourceTitle "CBM 108 Extra"]
[Source "ChessBase"]
[SourceDate "2005.11.04"]
[SourceVersion "1"]
[SourceVersionDate "2005.11.04"]
[SourceQuality "1"]

1. e4 e6 2. d4 d5 3. e5 c5 4. c3 Qb6 5. Nf3 Bd7 6. Be2 Bb5 7. c4 Bxc4 8. Bxc4 dxc4 9. d5 exd5 10. Qxd5 Ne7 11. Qxc4 Qb4+ 12. Qxb4 cxb4 13. 0-0 Nbc6 14. Re1 0-0-0 15. Nbd2 Ng6 16. Nb3 Ngxe5 17. Nxe5 Nxe5 18. Bg5 Rd5 19. Be3 b6 20. Bd4 Bd6 21. a4 bxa3 22. bxa3 f6 23. a4 Nc6 24. Bc3 Rd3 25. Rec1 Kd7 26. Rab1 Rb8 27. Kf1 a6 28. Ke2 Rd5 29. Nd2 b5 30. axb5 axb5 31. Nf1 b4 32. Ne3 Ra5 33. Ba1 Ra2+ 34. Kf3 b3 35. Nc4 Rc2 36. Nxd6 Kxd6 37. Bb2 Kc5 38. Ke3 Re8+ 39. Kd3 0-1